Normal view
MARC view
- Chuang, Isaac L.,
Entry Personal Name
001 - CONTROL NUMBER
- control field: 110754
003 - CONTROL NUMBER IDENTIFIER
- control field: NUST
005 - DATE AND TIME OF LATEST TRANSACTION
- control field: 20230321101052.0
008 - FIXED-LENGTH DATA ELEMENTS
- fixed length control field: 230321|| aca||aabn | a|a d
040 ## - CATALOGING SOURCE
- Original cataloging agency: NUST
- Transcribing agency: NUST
100 ## - HEADING--PERSONAL NAME
- Personal name: Chuang, Isaac L.,
- Dates associated with a name: 1968-
670 ## - SOURCE DATA FOUND
- Source citation: Work cat.: (NUST)0: Nielsen, Michael A., 1974- 110753, Quantum computation and quantum information /, 2010.
